Central Library OPAC University of Rajshahi

সম্পত্তি হস্তান্তর আইন / (Record no. 64313)

MARC details
000 -LEADER
fixed length control field 00829nam a2200217 a 4500
001 - CONTROL NUMBER
control field 64313
003 - CONTROL NUMBER IDENTIFIER
rucl marc code BD-RjUL
005 - DATE AND TIME OF LATEST TRANSACTION
control field 20211209081307.0
008 - FIXED-LENGTH DATA ELEMENTS--GENERAL INFORMATION
fixed length control field 170213s1966 bg ||||| |||| 00| 0 ben d
020 ## - INTERNATIONAL STANDARD BOOK NUMBER
Terms of availability : PRs.3.00
035 ## - SYSTEM CONTROL NUMBER
System control number (BD-RjUL)64443
040 ## - CATALOGING SOURCE
Original cataloging agency BD-RjUL
Language of cataloging ben
Transcribing agency BD-RjUL
Modifying agency BD-RjUL
041 ## - LANGUAGE CODE
Language code of text/sound track or separate title ben
082 ## - DEWEY DECIMAL CLASSIFICATION NUMBER
Edition number 23
Classification number 346.04363095492
Author mark and year SOM 1966
245 10 - TITLE STATEMENT
Title সম্পত্তি হস্তান্তর আইন /
260 ## - PUBLICATION, DISTRIBUTION, ETC. (IMPRINT)
Place of publication, distribution, etc. ঢাকা :
Name of publisher, distributor, etc. খোশরোজ কিতাব মহল,
Date of publication, distribution, etc. ১৯৬৬
300 ## - PHYSICAL DESCRIPTION
Pagination ১৪৩ পৃ. ;
Size ১৮ সেমি.
650 ## - SUBJECT ADDED ENTRY--TOPICAL TERM
Topical term or geographic name as entry element ভূমি শিরোনাম
9 (RLIN) 157751
Form subdivision নিবন্ধন এবং স্থানান্তর
Geographic subdivision বাংলাদেশ
Topical term or geographic name as entry element Land titles
9 (RLIN) 157752
Form subdivision Registration and transfer
Geographic subdivision Bangladesh
942 ## - ADDED ENTRY ELEMENTS (KOHA)
Source of classification or shelving scheme Dewey Decimal Classification
Koha item type Books
Holdings
Lost status Source of classification or shelving scheme Damaged status Not for loan Collection code Permanent Location Current Location Shelving location Date acquired Source of acquisition Cost, normal purchase price Total Checkouts Full call number Date last seen Copy number Koha item type
  Dewey Decimal Classification   Not For Loan Non-fiction Central Library, University of Rajshahi Central Library, University of Rajshahi Reading Room 02/09/1972 Alighor library, Rajshahi. 3.00   B 346.04363095492 SOM 1966 13/02/2017 C-1 Books